| 000 | 00414nam a2200169Ia 4500 | ||
|---|---|---|---|
| 008 | 230524s9999 xx 000 0 und d | ||
| 082 |
_a3 _bBRO |
||
| 100 | _aRichard Bronson | ||
| 245 | 0 | _aOperations Research (Schaum's) | |
| 250 | _a2ND | ||
| 260 |
_aNEW DELHI _bTMH _c2005 |
||
| 300 | _aVII;456 | ||
| 500 | _aQuantity Number: 2 | ||
| 650 | _aMathematics | ||
| 700 | _a Govindasami Naadimuthu | ||
| 942 | _cBK | ||
| 999 |
_c19487 _d19487 |
||